Catálogo

PLANEACION ESTRATEGICA PRACTICA (Registro nro. 12995)

Detalles MARC
000 -LEADER
fixed length control field 00536nam a2200193 a 4500
001 - CONTROL NUMBER
control field 12995
005 - DATE AND TIME OF LATEST TRANSACTION
control field 20180713201326.0
008 - FIXED-LENGTH DATA ELEMENTS--GENERAL INFORMATION
fixed length control field 140415s1991 mx 000 0 spa d
041 ## - LANGUAGE CODE
Language code of text/sound track or separate title spa
082 ## - DEWEY DECIMAL CLASSIFICATION NUMBER
Classification number 658.4
Item number HEL
100 1# - MAIN ENTRY--PERSONAL NAME
Personal name HELLEBUST, KARSTEN G.
245 10 - TITLE STATEMENT
Title PLANEACION ESTRATEGICA PRACTICA
250 ## - EDITION STATEMENT
Edition statement 1a ed.
260 ## - PUBLICATION, DISTRIBUTION, ETC.
Place of publication, distribution, etc. MEXICO :
Name of publisher, distributor, etc. CECSA,
Date of publication, distribution, etc. 1991
300 ## - PHYSICAL DESCRIPTION
Extent 343
650 14 - SUBJECT ADDED ENTRY--TOPICAL TERM
Topical term or geographic name entry element ORGANIZACION DE EMPRESAS
General subdivision PLANIFICACION
700 1# - ADDED ENTRY--PERSONAL NAME
Personal name EROLES GOMEZ, ANTONIO
Relator term tr.
700 1# - ADDED ENTRY--PERSONAL NAME
Personal name KRALLINGER, JOSEPH C.
Relator term coaut.
Existencias
Withdrawn status Lost status Source of classification or shelving scheme Damaged status Not for loan Collection code Home library Current library Shelving location Date acquired Source of acquisition Inventory number Total Checkouts Full call number Barcode Date last seen Price effective from Koha item type
    Dewey Decimal Classification     General Biblioteca Karol Wojtyla Biblioteca Karol Wojtyla Sala general 03/12/2013 Compra 151000000000000000014707   658.4 HEL 29704 05/01/2026 03/12/2013 Libro